000 00565nam a22001697a 4500
008 160503b xxu||||| |||| 00| 0 eng d
020 _a9781412908641
082 _22006
_aDC 658.5
_bAv6
100 _97308
_aAvlonitis, George J.
245 _aProduct and services management/
_cGeorge J. Avlonitis
260 _aLondon:
_bSAGE Publications Ltd.,
_cc2006.
300 _aviii, 270 pages:
_billustrations;
_c24 cm.
500 _aIncludes appendix and index.
650 0 _97307
_aProduct management
700 _97311
_aPapastathopoulou, Paulina
_eAuthor
942 _2ddc
_cDC
999 _c2233
_d2233